000 00648nam a2200253Ia 4500
005 20250425162048.0
008 250425s9999 xx 000 0 und d
020 _a012561280X
041 _aeng
082 _a641.300154
100 _aPOMERANZ, YESHAJAHU
245 0 _aFUNCTIONAL PROPERTIES OF FOOD COMPONENTS
250 _aS.E.
260 _aEstados Unidos
_bACADEMIA PRESS
_c1985
260 _aORLANDO
300 _a536
650 _aADITIVOS PARA ALIMENTOS
650 _aCOMPOSICION DE LOS ALIMENTOS
650 _aHIDRATOS DE CARBONO
650 _aPROTEINAS
650 _aQUIMICA ALIMENTARIA
942 _c01
010 _a45328
999 _c221589
_d221589